A practical guide to understanding the NMR of polymers / (Record no. 21489)

MARC details
000 -LEADER
fixed length control field 00998cam a22003015i 4500
001 - CONTROL NUMBER
control field 13573427
003 - CONTROL NUMBER IDENTIFIER
control field EG-ScBUE
005 - DATE AND TIME OF LATEST TRANSACTION
control field 20251207103412.0
008 - FIXED-LENGTH DATA ELEMENTS--GENERAL INFORMATION
fixed length control field 040426t2005 njua f b 001 0 eng d
020 ## - INTERNATIONAL STANDARD BOOK NUMBER
International Standard Book Number 0471371238
020 ## - INTERNATIONAL STANDARD BOOK NUMBER
International Standard Book Number 9780471371236
040 ## - CATALOGING SOURCE
Original cataloging agency EG-ScBUE
Language of cataloging eng
Description conventions rda
Transcribing agency EG-ScBUE
Modifying agency EG-ScBUE
082 04 - DEWEY DECIMAL CLASSIFICATION NUMBER
Classification number 547.7046
Edition number 22
Item number MIR
100 1# - MAIN ENTRY--PERSONAL NAME
Personal name Mirau, Peter A.,
9 (RLIN) 39652
Relator term author.
245 12 - TITLE STATEMENT
Title A practical guide to understanding the NMR of polymers /
Statement of responsibility, etc Peter A. Mirau.
264 #1 - PUBLICATION, DISTRIBUTION, ETC. (IMPRINT)
Place of publication, distribution, etc Hoboken, New Jersey :
Name of publisher, distributor, etc Wiley-Interscience,
Date of publication, distribution, etc [2005]
264 #4 - PUBLICATION, DISTRIBUTION, ETC. (IMPRINT)
Date of publication, distribution, etc c2005
300 ## - PHYSICAL DESCRIPTION
Extent xii, 418 pages :
Other physical details illustrations ;
Dimensions 25 cm
336 ## - CONTENT TYPE
Source rdacontent
Content type term text
Content type code txt
337 ## - MEDIA TYPE
Media type term unmediated
Source rdamedia
Media type code n
338 ## - CARRIER TYPE
Carrier type term volume
Carrier type code nc
Source rdacarrier
504 ## - BIBLIOGRAPHY, ETC. NOTE
Bibliography, etc Includes bibliographical references and index.<br/>
650 #7 - SUBJECT ADDED ENTRY--TOPICAL TERM
Topical term or geographic name as entry element Polymers
General subdivision Spectra.
Source of heading or term BUEsh
9 (RLIN) 39654
650 #7 - SUBJECT ADDED ENTRY--TOPICAL TERM
Topical term or geographic name as entry element Nuclear magnetic resonance spectroscopy.
Source of heading or term BUEsh
9 (RLIN) 39653
653 ## - INDEX TERM--UNCONTROLLED
Resource For college Pharmacy
Arrived date list March2016
655 ## - INDEX TERM--GENRE/FORM
Form subdivision Reading book
942 ## - ADDED ENTRY ELEMENTS (KOHA)
Source of classification or shelving scheme Dewey Decimal Classification
Koha item type Book - Borrowing
Holdings
Withdrawn status Lost status Source of classification or shelving scheme Damaged status Not for loan Collection code Home library Current library Shelving location Date acquired Source of acquisition Total Checkouts Full call number Barcode Date last seen Price effective from Koha item type
    Dewey Decimal Classification     Scientific home BookShop Central Library Central Library First floor 23/03/2016 Purchase   547.7046 MIR 000032170 15/07/2025 23/03/2016 Book - Borrowing